[Event "Belgrade-chT"]
[Site "Belgrade"]
[Date "2014.11.02"]
[Round "10"]
[White "Dakic, Dejan"]
[Black "Stefanovic, Ivo"]
[Result "0-1"]
[WhiteElo "2031"]
[BlackElo "2071"]
[PlyCount "74"]
[EventDate "2014.10.04"]
[EventType "team-tourn"]
[EventRounds "13"]
[EventCountry "SRB"]
[SourceTitle "EXT 2015"]
[Source "ChessBase"]
[SourceDate "2014.11.20"]
[SourceVersion "1"]
[SourceVersionDate "2014.11.20"]
[SourceQuality "1"]

1. e4 c5 2. Nf3 e6 3. d4 cxd4 4. Nxd4 a6 5. Bd3 Qc7 6. 0-0 Nf6 7. Nc3 Nc6 8. Nb3 Ne5 9. Be2 Ng6 10. f4 d6 11. a4 Bd7 12. Be3 Bc6 13. Bf3 Be7 14. Nd4 Bd7 15. Qe1 0-0 16. a5 Rae8 17. Nb3 Qb8 18. g4 Bc6 19. g5 Nd7 20. Qf2 Rc8 21. h4 Rfe8 22. h5 Ngf8 23. Rad1 f6 24. Nd4 fxg5 25. fxg5 Ne5 26. Be2 Bd8 27. Bf4 Nfd7 28. Bxe5 Nxe5 29. Nxe6 Bxa5 30. Bc4 Bb6 31. Qxb6 Nxc4 32. Qf2 Ne5 33. h6 Rxe6 34. hxg7 Kxg7 35. Qf5 Rg6 36. Nd5 Bxd5 37. exd5 Rf8 0-1